Advances in Knowledge Discovery and Data Mining (Record no. 245508)

MARC details
000 -LEADER
fixed length control field 00496nam a2200193Ia 4500
008 - FIXED-LENGTH DATA ELEMENTS--GENERAL INFORMATION
fixed length control field 240913s9999||||xx |||||||||||||| ||und||
020 ## - INTERNATIONAL STANDARD BOOK NUMBER
International Standard Book Number 0-262-56097-6
082 ## - DEWEY DECIMAL CLASSIFICATION NUMBER
-- 001.4225028563 N6
100 ## - MAIN ENTRY--PERSONAL NAME
Personal name Fayyad,Usama M Eds.
245 #0 - TITLE STATEMENT
Title Advances in Knowledge Discovery and Data Mining
250 ## - EDITION STATEMENT
Edition statement 1st
260 ## - PUBLICATION, DISTRIBUTION, ETC. (IMPRINT)
Date of publication, distribution, etc 1996
Name of publisher, distributor, etc AAAI,Menlo
500 ## - GENERAL NOTE
General note REFERENCE
650 ## - SUBJECT ADDED ENTRY--TOPICAL TERM
Topical term or geographic name as entry element Knowledge
942 ## - ADDED ENTRY ELEMENTS (KOHA)
Item type Reference
Holdings
Withdrawn status Lost status Damaged status Permanent location Current location Shelving location Date acquired Source of acquisition Cost, normal purchase price Full call number Barcode Date last seen Koha item type
      CENTRAL LIBRARY, NOORUL ISLAM CENTRE FOR HIGHER EDUCATION CENTRAL LIBRARY, NOORUL ISLAM CENTRE FOR HIGHER EDUCATION   10/06/2005 Global Book Syndicate 2864.00 001.4225028563 N6 27918 09/13/2024 Reference
Visitors:
Copyright © 2024 Central Library NICHE.  All rights reserved.